| 000 | 01288nam a22003494a 4500 | ||
|---|---|---|---|
| 001 | ebr10271443 | ||
| 003 | CaPaEBR | ||
| 006 | m u | ||
| 007 | cr cn||||||||| | ||
| 008 | 060608s2006 enk sb 001 0 eng | ||
| 010 | _z 2006018922 | ||
| 015 |
_aGBA638518 _2bnb |
||
| 016 | 7 |
_z013442462 _2Uk |
|
| 020 | _z0199297568 (alk. paper) | ||
| 020 | _z9780199297566 (alk. paper) | ||
| 040 |
_aCaPaEBR _cCaPaEBR |
||
| 035 | _a(OCoLC)252683587 | ||
| 050 | 1 | 4 |
_aPL1241 _b.X7815 2006eb |
| 082 | 0 | 4 |
_a495.1/5 _222 |
| 100 | 1 | _aXu, Dan. | |
| 245 | 1 | 0 |
_aTypological change in Chinese syntax _h[electronic resource] / _cXu Dan. |
| 260 |
_aOxford ; _aNew York : _bOxford University Press, _c2006. |
||
| 300 | _axii, 259 p. | ||
| 490 | 1 | _aOxford linguistics | |
| 504 | _aIncludes bibliographical references (p. [243]-254) and index. | ||
| 533 |
_aElectronic reproduction. _bPalo Alto, Calif. : _cebrary, _d2013. _nAvailable via World Wide Web. _nAccess may be limited to ebrary affiliated libraries. |
||
| 650 | 0 |
_aChinese language _xSyntax. |
|
| 655 | 7 |
_aElectronic books. _2local |
|
| 710 | 2 | _aebrary, Inc. | |
| 830 | 0 | _aOxford linguistics. | |
| 856 | 4 | 0 |
_uhttp://site.ebrary.com/lib/rucke/Doc?id=10271443 _zAn electronic book accessible through the World Wide Web; click to view |
| 999 |
_c22152 _d22152 |
||